000
00302nam a2200109Ia 4500
008
201217s9999 xx 000 0 und d
100
_a
United Nations Environment Programme
245
0
_a
World Resources 1990 - 1991 (Report)
260
_a
New York
_b
Oxford University Press
300
_a
381
942
_c
BK
999
_c
8002
_d
8002